• 首页
  • 本馆介绍
  • 公告通知
  • 最新文献
  • 馆藏检索
  • 电子资源
  • 读者导购
  • 参考咨询
  • 我的图书馆
  • 登录
  • 详细信息显示
  • 放入我的书架
  • 预约/预借图书
  • 作者相关作品
  • 分类相关作品
  • 丛书相关作品
  • 出版社相关作品

书目信息

  • 表格格式
  • 工作单格式
  • 卡片格式
题名:
录音与调音
    
 
作者: 黄瀚 , 王宏民 著
分册:  
出版信息: 北京   中国广播电视出版社  2002
页数: 512页
开本: 20cm
丛书名: 现代传播系列丛书
单 册:
中图分类: TN912.271 , TN912.22
科图分类:
主题词: 音频设备--调音--基本知识 , 音频设备 , 调音
电子资源:
ISBN: 7-5043-3883-4
000 00998oam2 2200301 450
001 1538651858
005 20150130104513.20
010    @a7-5043-3883-4@dCNY29.00
100    @a20030120d2002 em y0chiy0110 ea
101 0  @achi
102    @aCN@b110000
105    @ay z 000yy
200 1  @a录音与调音@9lu yin yu tiao yin@f黄瀚,王宏民著
210    @a北京@c中国广播电视出版社@d2002
215    @a512页@d20cm
225 2  @a现代传播系列丛书
330    @a本书介绍了电子音响设备的功能原理、技术性能及配接要求,音响声学,设备达到最佳工作状态所需的调音技术要求,典型音响系统的设计方案,数码多轨录音系统的操作方法及使用技巧等内容。
461  0 @12001 @a现代传播系列丛书
510 1  @aRecording and Tuning@zeng
606 0  @a音频设备@x调音@x基本知识
606 0  @a音频设备
606 0  @a调音
690    @aTN912.271@v5
690    @aTN912.22@v4
701  0 @a黄瀚@9huang han@c(音频设备)@4著
701  0 @a王宏民@9wang hong min@4著
801  0 @aCN@bTSSF@c20150130
905    @aZUCC@dTN912.22@eJY137
    
    录音与调音/黄瀚,王宏民著.-北京:中国广播电视出版社,2002
    512页;20cm.-(现代传播系列丛书)
    
    
    ISBN 7-5043-3883-4:CNY29.00
    本书介绍了电子音响设备的功能原理、技术性能及配接要求,音响声学,设备达到最佳工作状态所需的调音技术要求,典型音响系统的设计方案,数码多轨录音系统的操作方法及使用技巧等内容。
●
相关链接 在E读中查询图书 在五车中查询图书 在当当中查询图书 在豆瓣中查询图书


正题名:录音与调音     索取号:TN912.22/JY137         预约/预借

序号 登录号 条形码 馆藏地/架位号 状态 备注
1 7862372   278623722   学院路分馆/ [索取号:TN912.22/JY137] 在馆    
2 7862374   278623740   学院路分馆/ [索取号:TN912.22/JY137] 在馆    
3 7862375   278623759   学院路分馆/ [索取号:TN912.22/JY137] 在馆    
4 7862376   278623768   学院路分馆/ [索取号:TN912.22/JY137] 在馆    
唐山师范学院图书馆 欢迎您!
大连网信软件有限公司© 版权所有